1045 1333 1387 1722 1311 1976 1864 1388 1153 1835 1086 1449 1806 1921 1167 1280 1366 1493 1605 1821 1630 1824 1873 1507 1832 1606 1548 1899 1558 1256 1293 1939 1149 1413 1646 1670 1031 1770 1706 1931 1618 1454 1591 1520 1172 1875 1313 1125 1244 1216 1774 1166 1380 1710 1212 1624 1176 1997 1430 1916 1292 1067 1602 1067 1732 1737 1170 1311 1839 1638 1660 1882 1338 1603 1394 1371 1308 1291 1633 1757 1642 1871 1396 1363 1201 1285 1261 1699 1044 1368 1820 1124 1179 1039 1773 1176 1290 1226 1228 BCNSPRNW ULIB Ver.6.0+V

เปลี่ยนเป็นภาษาไทย

Change to English
 แสดงรายละเอียดบรรณานุกรม
  กลับหน้าหลัก

Brief Record : Get Marc (ISO 2709) : E-mail record : QR code < ปิดหน้าต่าง
LEADER : 00000nam 2200000uu 4500
001    13399107863
003     ULIB
008    110208s2552||||th 000 0 tha d
020    9789749922965
060 04 WY200^bก451 2552
245 00 การดูแลผู้ป่วยที่บ้าน /^cผู้รวบรวมและเรียบเรียง ; มาลินีชลานันต์ ... [และคนอื่นๆ]
250    พิมพ์ครั้งที่ 1
260    กรุงเทพฯ :^bศูนย์ฝึกอบรมปฐมพยาบาลและสุขภาพอนามัยสภากาชาดไทย
300    88 หน้า :^bภาพประกอบ;^c26 ซม.
650  7 ผู้ป่วยที่บ้าน, บริการ
650  7 เคหการพยาบาล
650  7 สุขภาพในครอบครัว
700 0  มาลินี ชลานันต์,^eผู้รวบรวมและเรียบเรียง
710 2  สภากาชาดไทย ศูนย์ฝึกอบรมปฐมพยาบาลและสุขภาพอนามัย
945    ^p120^l0^i028380
945    ^p120^l0^i028379
945    ^p120^l0^i028378
945    ^p120^l0^i026891
945    ^p120^l0^i026890
945    ^p120^l0^i026892
995    เกษร
999 ^a ใช้งานได้ทุกระบบ
รายการนี้ยังไม่มีแท็ก
คุณยังไม่ได้ล็อกอิน คุณสามารถมีกิจกรรมร่วมกับเว็บไซต์ได้ แต่ต้องล็อกอินก่อน ::
  ล็อกอิน

รายการสื่อสารสนเทศ

ลำดับที่ ประเภท เลขเรียก/บาร์โค้ด สถานที่ สถานะ
1. วิทยาศาสตร์การแพทย์ และสุขภาพ
หนังสือสำรอง
สถานะ=หนังสือสำรอง
WY200 ก451 2552 ฉ.1 
  Barcode: 026890
ห้องสมุดวิทยาเขตสวรรค์ประชารักษ์
►ส่วนจัดเก็บหนังสือเก่า สปร
บนชั้น
  ขอยืม
2. วิทยาศาสตร์การแพทย์ และสุขภาพ
วิทยาศาสตร์การแพทย์ และสุขภาพ
WY200 ก451 2552 ฉ.2 
  Barcode: 026891
ห้องสมุดวิทยาเขตสวรรค์ประชารักษ์
►ส่วนจัดเก็บหนังสือเก่า สปร
บนชั้น
  ขอยืม
3. วิทยาศาสตร์การแพทย์ และสุขภาพ
วิทยาศาสตร์การแพทย์ และสุขภาพ
WY200 ก451 2552 ฉ.3 
  Barcode: 026892
ห้องสมุดวิทยาเขตสวรรค์ประชารักษ์
►ส่วนจัดเก็บหนังสือเก่า สปร
บนชั้น
  ขอยืม
4. วิทยาศาสตร์การแพทย์ และสุขภาพ
วิทยาศาสตร์การแพทย์ และสุขภาพ
WY200 ก451 2552 ฉ.4 
  Barcode: 028378
ห้องสมุดวิทยาเขตสวรรค์ประชารักษ์
►ส่วนจัดเก็บหนังสือเก่า สปร
บนชั้น
  ขอยืม
5. วิทยาศาสตร์การแพทย์ และสุขภาพ
วิทยาศาสตร์การแพทย์ และสุขภาพ
WY200 ก451 2552 ฉ.5 
  Barcode: 028379
ห้องสมุดวิทยาเขตสวรรค์ประชารักษ์
►ส่วนจัดเก็บหนังสือเก่า สปร
บนชั้น
  ขอยืม
6. วิทยาศาสตร์การแพทย์ และสุขภาพ
วิทยาศาสตร์การแพทย์ และสุขภาพ
WY200 ก451 2552 ฉ.6 
  Barcode: 028380
ห้องสมุดวิทยาเขตสวรรค์ประชารักษ์
►ส่วนจัดเก็บหนังสือเก่า สปร
บนชั้น
  ขอยืม

รายการใกล้เคียง
    หัวเรื่อง [ผู้ป่วยที่บ้าน, บริการ]
    หัวเรื่อง [เคหการพยาบาล]
    หัวเรื่อง [สุขภาพในครอบครัว]

BibComment


ยังไม่เคยถูกคอมเมนท์

คอมเมนท์ทรัพยากรรายการนี้
  คอมเมนท์: การดูแลผู้ป่วยที่..


 Copyright 2026. Bcnsprnw @Library